书目信息 |
| 题名: |
冲压模具设计结构图册
|
|
| 作者: | 薛启翔 主编 | |
| 分册: | ||
| 出版信息: | 北京 化学工业出版社 2005.07 |
|
| 页数: | 332页 | |
| 开本: | 25cm | |
| 丛书名: | ||
| 单 册: | ||
| 中图分类: | TG385.2-64 | |
| 科图分类: | ||
| 主题词: | 冷冲击 , 钣金工 | |
| 电子资源: | ||
| ISBN: | 7-5025-6871-9 | |
| 000 | 00593nam0 2200205 450 | |
| 001 | 0634828453 | |
| 005 | 20060613082907.14 | |
| 010 | @a7-5025-6871-9@dCNY58.00 | |
| 100 | @a20060610d2005 km y0chiy0120 ea | |
| 101 | 0 | @achi |
| 102 | @aCN@b110000 | |
| 200 | 1 | @a冲压模具设计结构图册@Achong ya mo ju she ji jie gou tu ce@f薛启翔主编@Fxue qi xiang zhu bian |
| 210 | @a北京@c化学工业出版社@d2005.07 | |
| 215 | @a332页@d25cm | |
| 606 | 0 | @a冷冲击 |
| 606 | 0 | @a钣金工 |
| 690 | @aTG385.2-64@v4 | |
| 701 | 0 | @a薛启翔@Axue qi xiang@4主编 |
| 801 | 0 | @aCN@bPFT@c20060613 |
| 905 | @aBZT@dTG385.2-64@e1@f6 | |
| 冲压模具设计结构图册/薛启翔主编.-北京:化学工业出版社,2005.07 |
| 332页;25cm |
| ISBN 7-5025-6871-9:CNY58.00 |
| ● |
| 相关链接 |
|
|
|
正题名:冲压模具设计结构图册
索取号:TG385.2-64/1
 
预约/预借
| 序号 | 登录号 | 条形码 | 馆藏地/架位号 | 状态 | 备注 |
| 1 | 0446278 | 230004379 | 样本书库/样007架B面2层2列/ [索取号:TG385.2-64/1] | 在馆 | |
| 2 | 0446279 | 230004378 | 中心书库中库/ 中库030架B面7列2层54/ [索取号:TG385.2-64/1] | 在馆 | |
| 3 | 0446280 | 230004377 | 中心书库中库/ 中库030架B面7列2层53/ [索取号:TG385.2-64/1] | 在馆 | |
| 4 | 0446281 | 230004376 | 中心书库中库/ 中库030架B面7列2层52/ [索取号:TG385.2-64/1] | 在馆 | |
| 5 | 0446282 | 230004375 | 中心书库中库/ 中库030架B面7列2层51/ [索取号:TG385.2-64/1] | 在馆 | |
| 6 | 0446283 | 230004374 | 中心书库中库/ 中库030架B面7列2层50/ [索取号:TG385.2-64/1] | 在馆 |